Bé thắc mắc thế nào vậy ta ? = I wonder how
Tủ sách Khám phá cùng bé sẽ giúp bạn đưa ra những câu trả lời đúng nhưng cũng rất hài hước cho những thắc mắc của bé.
Guardado en:
| Formato: | Libro |
|---|---|
| Lenguaje: | Undetermined |
| Publicado: |
Thành phố Hồ Chí Minh
Tổng hợp Thành phố Hồ Chí Minh
2014
|
| Materias: | |
| Etiquetas: |
Agregar Etiqueta
Sin Etiquetas, Sea el primero en etiquetar este registro!
|
| Thư viện lưu trữ: | Trung tâm Học liệu Trường Đại học Cần Thơ |
|---|
| LEADER | 00862nam a2200205Ia 4500 | ||
|---|---|---|---|
| 001 | CTU_193471 | ||
| 008 | 210402s9999 xx 000 0 und d | ||
| 020 | |c 32000 | ||
| 082 | |a 001 | ||
| 082 | |b B200 | ||
| 245 | 0 | |a Bé thắc mắc thế nào vậy ta ? = | |
| 245 | 0 | |b I wonder how | |
| 245 | 0 | |c Nhóm dịch thuật nhà xuất bảnTổng hợp Thành phố Hồ Chí Minh | |
| 260 | |a Thành phố Hồ Chí Minh | ||
| 260 | |b Tổng hợp Thành phố Hồ Chí Minh | ||
| 260 | |c 2014 | ||
| 520 | |a Tủ sách Khám phá cùng bé sẽ giúp bạn đưa ra những câu trả lời đúng nhưng cũng rất hài hước cho những thắc mắc của bé. | ||
| 650 | |a Knowledge,Kiến thức | ||
| 910 | |a Hải | ||
| 980 | |a Trung tâm Học liệu Trường Đại học Cần Thơ | ||